000 00372nam a22001457a 4500
999 _c15551
_d15551
003 OSt
008 190515b ||||| |||| 00| 0 eng d
020 _a978381450574
082 _a631.43
_bPAL/SO
100 _aPal, S K
_94031
245 _aSoil Sampling and Methods of Analysis
260 _aNew Delhi
_bNew India Publishing Agency
_c2013
300 _a315 p.
942 _cBK